|
|
|
|
| LEADER |
00863nam a2200217Ia 4500 |
| 001 |
TDMU_3769 |
| 008 |
210410s9999 xx 000 0 und d |
| 082 |
|
|
|a 621.31
|
| 090 |
|
|
|b D924
|
| 100 |
|
|
|a Dương, Vũ Văn
|
| 245 |
|
0 |
|a Hướng dẫn thiết kế tốt nghiệp
|
| 245 |
|
0 |
|b Thiết kế phần điện, thiết kế chống sét cho nhà máy nhiệt điện
|
| 245 |
|
0 |
|c Dương Vũ Văn, Trần Hoàng Lĩnh, Lê Thanh Thỏa
|
| 260 |
|
|
|a TP.HCM
|
| 260 |
|
|
|b Đại học Quốc gia TP.HCM
|
| 260 |
|
|
|c 2006
|
| 300 |
|
|
|a 198tr.
|
| 650 |
|
|
|a Nhà máy điện
|x Thiết kế điện
|x Đồ án
|
| 700 |
|
|
|a Trần, Hoàng Lĩnh
|
| 856 |
|
|
|u http://lrc.tdmu.edu.vn/opac/search/detail.asp?aID=2&ID=3769
|
| 980 |
|
|
|a Trung tâm Học liệu Trường Đại học Thủ Dầu Một
|